<?xml version="1.0" encoding="UTF-8"?>
<record
    xmlns:xsi="http://www.w3.org/2001/XMLSchema-instance"
    xsi:schemaLocation="http://www.loc.gov/MARC21/slim http://www.loc.gov/standards/marcxml/schema/MARC21slim.xsd"
    xmlns="http://www.loc.gov/MARC21/slim">

  <leader>01960nam a22005177a 4500</leader>
  <controlfield tag="003">OSt</controlfield>
  <controlfield tag="005">20190502094940.0</controlfield>
  <controlfield tag="008">190502b        xxu||||| |||| 00| 0 spa d</controlfield>
  <datafield tag="020" ind1=" " ind2=" ">
    <subfield code="a">9507410074</subfield>
  </datafield>
  <datafield tag="040" ind1=" " ind2=" ">
    <subfield code="c">PJ</subfield>
  </datafield>
  <datafield tag="245" ind1=" " ind2=" ">
    <subfield code="a">Inversi&#xF3;n extranjera en Am&#xE9;rica Latina :</subfield>
    <subfield code="b">aspectos legales /</subfield>
    <subfield code="c">Pablo Berckholtz coordinador general; Carlos A. R. Lagomarsino ...[et al.].</subfield>
  </datafield>
  <datafield tag="260" ind1=" " ind2=" ">
    <subfield code="a">Buenos Aires :</subfield>
    <subfield code="b">Hammurabi,</subfield>
    <subfield code="c">1991.</subfield>
  </datafield>
  <datafield tag="300" ind1=" " ind2=" ">
    <subfield code="a">xiv, 449 p.</subfield>
    <subfield code="c">23 cm.</subfield>
  </datafield>
  <datafield tag="505" ind1=" " ind2=" ">
    <subfield code="t">Argentina /</subfield>
    <subfield code="u">Carlos A. R.Lagomarsino.</subfield>
  </datafield>
  <datafield tag="505" ind1=" " ind2=" ">
    <subfield code="t">Colombia /</subfield>
    <subfield code="u">Dar&#xED;o C&#xE1;rdenas-Navas.</subfield>
  </datafield>
  <datafield tag="505" ind1=" " ind2=" ">
    <subfield code="t">Costa Rica /  </subfield>
    <subfield code="u">Humberto Pacheco.</subfield>
  </datafield>
  <datafield tag="505" ind1=" " ind2=" ">
    <subfield code="t">Chile /  </subfield>
    <subfield code="u">Fernando Eguiguren Ossa.</subfield>
  </datafield>
  <datafield tag="505" ind1=" " ind2=" ">
    <subfield code="t">Ecuador /  </subfield>
    <subfield code="u">Juan Carlos Bustamante.</subfield>
  </datafield>
  <datafield tag="505" ind1=" " ind2=" ">
    <subfield code="t">El Salvador /  </subfield>
    <subfield code="u">Piero Antonio Rusconi Guti&#xE9;rrez-Falla.</subfield>
  </datafield>
  <datafield tag="505" ind1=" " ind2=" ">
    <subfield code="t">Guatemala /  </subfield>
    <subfield code="u">Rodolfo Barrientos D&#xED;az.</subfield>
  </datafield>
  <datafield tag="505" ind1=" " ind2=" ">
    <subfield code="t">Honduras /  </subfield>
    <subfield code="u">Laureano F. Guti&#xE9;rrez.</subfield>
  </datafield>
  <datafield tag="505" ind1=" " ind2=" ">
    <subfield code="t">M&#xE9;xico /  </subfield>
    <subfield code="u">H&#xE9;ctor Rojas.</subfield>
  </datafield>
  <datafield tag="505" ind1=" " ind2=" ">
    <subfield code="t">Panam&#xE1; /  </subfield>
    <subfield code="u">Roberto Alem&#xE1;n.</subfield>
  </datafield>
  <datafield tag="505" ind1=" " ind2=" ">
    <subfield code="t">Uruguay /  </subfield>
    <subfield code="u">Bernardo G. Custo.</subfield>
  </datafield>
  <datafield tag="505" ind1=" " ind2=" ">
    <subfield code="t">Venezuela /  </subfield>
    <subfield code="u">John R. Pate.</subfield>
  </datafield>
  <datafield tag="650" ind1=" " ind2="0">
    <subfield code="9">292</subfield>
    <subfield code="a">ECONOMIA Y FINANZAS</subfield>
  </datafield>
  <datafield tag="650" ind1=" " ind2="0">
    <subfield code="9">647</subfield>
    <subfield code="a">INVERSIONES EXTRANJERAS</subfield>
  </datafield>
  <datafield tag="651" ind1=" " ind2="0">
    <subfield code="9">236</subfield>
    <subfield code="a">LATINOAMERICA</subfield>
  </datafield>
  <datafield tag="700" ind1=" " ind2=" ">
    <subfield code="9">4130</subfield>
    <subfield code="a">Berckholtz, Pablo </subfield>
    <subfield code="e">coordinador</subfield>
  </datafield>
  <datafield tag="700" ind1=" " ind2=" ">
    <subfield code="9">976</subfield>
    <subfield code="a">Lagomarsino, Carlos A. R.  </subfield>
  </datafield>
  <datafield tag="700" ind1=" " ind2=" ">
    <subfield code="9">4131</subfield>
    <subfield code="a">C&#xE1;rdenas-Navas, Dar&#xED;o</subfield>
  </datafield>
  <datafield tag="700" ind1=" " ind2=" ">
    <subfield code="9">4132</subfield>
    <subfield code="a">Pacheco, Humberto</subfield>
  </datafield>
  <datafield tag="700" ind1=" " ind2=" ">
    <subfield code="9">4133</subfield>
    <subfield code="a">Eguiguren Ossa, Fernando </subfield>
  </datafield>
  <datafield tag="700" ind1=" " ind2=" ">
    <subfield code="9">4135</subfield>
    <subfield code="a">Rusconi Gutierrez-Falla, Piero Antonio</subfield>
  </datafield>
  <datafield tag="700" ind1=" " ind2=" ">
    <subfield code="9">4134</subfield>
    <subfield code="a">Bustamante, Juan Carlos</subfield>
  </datafield>
  <datafield tag="700" ind1=" " ind2=" ">
    <subfield code="9">4136</subfield>
    <subfield code="a">Barrientos D&#xED;az, Rodolfo</subfield>
  </datafield>
  <datafield tag="700" ind1=" " ind2=" ">
    <subfield code="9">4137</subfield>
    <subfield code="a">Guti&#xE9;rrez, Laureano F.</subfield>
  </datafield>
  <datafield tag="700" ind1=" " ind2=" ">
    <subfield code="9">4138</subfield>
    <subfield code="a">Rojas, H&#xE9;ctor </subfield>
  </datafield>
  <datafield tag="700" ind1=" " ind2=" ">
    <subfield code="9">4139</subfield>
    <subfield code="a">Aleman, Roberto H.</subfield>
  </datafield>
  <datafield tag="700" ind1=" " ind2=" ">
    <subfield code="9">4140</subfield>
    <subfield code="a">Custo, Bernardo G.</subfield>
  </datafield>
  <datafield tag="700" ind1=" " ind2=" ">
    <subfield code="9">4141</subfield>
    <subfield code="a">Godoy, Jos&#xE9; Carlos</subfield>
  </datafield>
  <datafield tag="700" ind1=" " ind2=" ">
    <subfield code="9">4142</subfield>
    <subfield code="a">Heredia-Bonetti, Luis</subfield>
  </datafield>
  <datafield tag="700" ind1=" " ind2=" ">
    <subfield code="9">4143</subfield>
    <subfield code="a">Gusto, Bernardo G.</subfield>
  </datafield>
  <datafield tag="700" ind1=" " ind2=" ">
    <subfield code="9">4144</subfield>
    <subfield code="a">Pate, John R.</subfield>
  </datafield>
  <datafield tag="942" ind1=" " ind2=" ">
    <subfield code="2">udc</subfield>
    <subfield code="c">LIB</subfield>
    <subfield code="h">330.322</subfield>
    <subfield code="i">INV</subfield>
  </datafield>
  <datafield tag="999" ind1=" " ind2=" ">
    <subfield code="c">2726</subfield>
    <subfield code="d">2726</subfield>
  </datafield>
  <datafield tag="952" ind1=" " ind2=" ">
    <subfield code="0">0</subfield>
    <subfield code="1">0</subfield>
    <subfield code="2">udc</subfield>
    <subfield code="4">0</subfield>
    <subfield code="7">0</subfield>
    <subfield code="a">DJS</subfield>
    <subfield code="b">DJS</subfield>
    <subfield code="d">2019-05-02</subfield>
    <subfield code="o">330.322 INV</subfield>
    <subfield code="p">1888</subfield>
    <subfield code="r">2019-05-02</subfield>
    <subfield code="w">2019-05-02</subfield>
    <subfield code="y">LIB</subfield>
  </datafield>
</record>
